Champions League Ganadores y Finalistas - Estadísticas

Estadísticas generales
  • Esta prueba ha sido intentada 262 veces
  • La puntuación promedio es 64 de 69
Estadísticas de respuestas
Año Ganador Finalista % Correcto
2024 Real Madrid Borussia Dortmund
100%
2022 Real Madrid Liverpool
100%
2018 Real Madrid Liverpool
100%
2017 Real Madrid Juventus
100%
2016 Real Madrid Atlético de Madrid
100%
2014 Real Madrid Atlético de Madrid
100%
2002 Real Madrid Bayer Leverkusen
100%
2000 Real Madrid Valencia
100%
1998 Real Madrid Juventus
100%
1966 Real Madrid Partizan
100%
1960 Real Madrid Eintracht Frankfurt
100%
1959 Real Madrid Stade de Reims
100%
1958 Real Madrid AC Milan
100%
1957 Real Madrid Fiorentina
100%
1956 Real Madrid Stade de Reims
100%
2015 Barcelona Juventus
99%
2011 Barcelona Manchester United
99%
2009 Barcelona Manchester United
99%
2006 Barcelona Arsenal
99%
1992 Barcelona Sampdoria
99%
2007 AC Milan Liverpool
98%
2003 AC Milan Juventus
98%
1994 AC Milan Barcelona
98%
1990 AC Milan Benfica
98%
1989 AC Milan Steaua de Bucarest
98%
1969 AC Milan Ajax
98%
1963 AC Milan Benfica
98%
2021 Chelsea Manchester City
97%
2012 Chelsea Bayern Munchen
97%
2019 Liverpool Tottenham Hotspur
97%
2005 Liverpool AC Milan
97%
1984 Liverpool Roma
97%
1981 Liverpool Real Madrid
97%
1978 Liverpool Club Brugge
97%
1977 Liverpool Borussia Mönchengladbach
97%
2020 Bayern Munchen París Saint-Germain
96%
2013 Bayern Munchen Borussia Dortmund
96%
2001 Bayern Munchen Valencia
96%
1976 Bayern Munchen Saint-Étienne
96%
1975 Bayern Munchen Leeds United
96%
1974 Bayern Munchen Atlético de Madrid
96%
2010 Internazionale Bayern Munchen
96%
1965 Internazionale Benfica
96%
1964 Internazionale Real Madrid
96%
2023 Manchester City Internazionale
96%
2008 Manchester United Chelsea
95%
1999 Manchester United Bayern Munchen
95%
1968 Manchester United Benfica
95%
1996 Juventus Ajax
93%
1985 Juventus Liverpool
93%
1995 Ajax AC Milan
92%
1973 Ajax Juventus
92%
1972 Ajax Internazionale
92%
1971 Ajax Panathinaikós
92%
2004 Porto Mónaco
89%
1987 Porto Bayern Munchen
89%
1962 Benfica Real Madrid
88%
1961 Benfica Barcelona
88%
1997 Borussia Dortmund Juventus
84%
1993 Marseille AC Milan
82%
1967 Celtic Internazionale
79%
1980 Nottingham Forest Hamburger
78%
1979 Nottingham Forest Malmö
78%
1983 Hamburger Juventus
74%
1991 Red Star Belgrade Marseille
74%
1988 PSV Eindhoven Benfica
73%
1982 Aston Villa Bayern Munchen
72%
1986 Steaua de Bucarest Barcelona
65%
1970 Feyenoord Celtic
61%
No se encontraron pruebas coincidentes
Distribución de puntuación
Porcentaje de gente con cada puntuación
Porcentaje por número respondido
Historial de tus puntuaciones
No has intentado esta prueba.